Practical Issues in Database Management : (Record no. 2982)

MARC details
000 -LEADER
fixed length control field 00957cam a22002654a 4500
001 - CONTROL NUMBER
control field 11903152
003 - CONTROL NUMBER IDENTIFIER
control field OSt
005 - DATE AND TIME OF LATEST TRANSACTION
control field 20240626121714.0
008 - FIXED-LENGTH DATA ELEMENTS--GENERAL INFORMATION
fixed length control field 000204s2000 maua b 001 0 eng
010 ## - LIBRARY OF CONGRESS CONTROL NUMBER
LC control number 00022984
020 ## - INTERNATIONAL STANDARD BOOK NUMBER
International Standard Book Number 0201485559
040 ## - CATALOGING SOURCE
Original cataloging agency DLC
Transcribing agency DLC
Modifying agency DLC
042 ## - AUTHENTICATION CODE
Authentication code pcc
050 00 - LIBRARY OF CONGRESS CALL NUMBER
Classification number QA76.9.D3
Item number P34855 2000
082 00 - DEWEY DECIMAL CLASSIFICATION NUMBER
Classification number 005.74 PAS 2000
Edition number 21
100 1# - MAIN ENTRY--PERSONAL NAME
Personal name Pascal, Fabian.
9 (RLIN) 6723
245 10 - TITLE STATEMENT
Title Practical Issues in Database Management :
Remainder of title a reference for the thinking practitioner
260 ## - PUBLICATION, DISTRIBUTION, ETC. (IMPRINT)
Place of publication, distribution, etc. Boston, Mass. :
Name of publisher, distributor, etc. Addison-Wesley,
Date of publication, distribution, etc. 2000.
300 ## - PHYSICAL DESCRIPTION
Extent xxvii, 256 p. :
Other physical details ill. ;
Dimensions 24 cm.
504 ## - BIBLIOGRAPHY, ETC. NOTE
Bibliography, etc Includes bibliographical references, & index.
650 #0 - SUBJECT ADDED ENTRY--TOPICAL TERM
Topical term or geographic name as entry element Database management.
9 (RLIN) 508
906 ## - LOCAL DATA ELEMENT F, LDF (RLIN)
a 7
b cbc
c orignew
d 1
e ocip
f 20
g y-gencatlg
942 ## - ADDED ENTRY ELEMENTS (KOHA)
Source of classification or shelving scheme Dewey Decimal Classification
Koha item type Short Loan
Holdings
Withdrawn status Lost status Source of classification or shelving scheme Damaged status Not for loan Home library Current library Date acquired Source of acquisition Inventory number Total Checkouts Full call number Barcode Date last seen Koha item type
    Dewey Decimal Classification     MUST Main Library MUST Main Library 05/02/2016 Purchase 04/21059   005.74 PAS 2000 2016-0105 05/02/2016 Open Shelf